HANDBOOK OF NURSING DIAGNOSIS (Record no. 201051)

MARC details
000 -LEADER
fixed length control field 00587nam a2200193Ia 4500
003 - CONTROL NUMBER IDENTIFIER
control field OSt
005 - DATE AND TIME OF LATEST TRANSACTION
control field 20260429155330.0
020 ## - INTERNATIONAL STANDARD BOOK NUMBER
International Standard Book Number 978-1-60831-110-1
040 ## - CATALOGING SOURCE
Transcribing agency LC
050 ## - LIBRARY OF CONGRESS CALL NUMBER
Classification number RT 48.6 .C 37 2013
100 ## - MAIN ENTRY--PERSONAL NAME
Personal name CARPENITO, LYNDA JUALL
245 #0 - TITLE STATEMENT
Title HANDBOOK OF NURSING DIAGNOSIS
250 ## - EDITION STATEMENT
Edition statement 14
260 ## - PUBLICATION, DISTRIBUTION, ETC.
Place of publication, distribution, etc. PHILADELPHIA,
Name of publisher, distributor, etc. WOLTERS KLUWER/LIPPINCOTT WILLIAMS & WILKINS,
Date of publication, distribution, etc. 2013,
300 ## - PHYSICAL DESCRIPTION
Extent XXii, 874 P, ILL
500 ## - GENERAL NOTE
General note INCLUDES BIBLIOGRAPHICAL REFERENCES AND INDEX
650 ## - SUBJECT ADDED ENTRY--TOPICAL TERM
Topical term or geographic name entry element 1. Diagnosis-Handbooks, manuals, etc 2. Nursing-Handbooks, manuals, etc
942 ## - ADDED ENTRY ELEMENTS (KOHA)
Koha item type Long Loan Book
Source of classification or shelving scheme Library of Congress Classification
Holdings
Withdrawn status Lost status Source of classification or shelving scheme Damaged status Not for loan Collection Home library Current library Shelving location Date acquired Inventory number Total checkouts Full call number Barcode Date last seen Copy number Price effective from Koha item type
    Library of Congress Classification     Medicine Kisii University Library Kisii University Library On Display 09/15/2023 67267   RT 48.6 .C 37 2013 A001834 09/15/2023 1 09/15/2023 Long Loan Book